Personnalités politique caché dans un paysage créer par une ia - Statistiques

Statistiques générales
  • Ce quiz a été pris 428 fois
  • Le résultat moyen est 8 sur 10
Statistiques - réponses
Par images Hint Réponse % Correct
Francais 🇨🇵 Emmanuel Macron
98%
Autrichien 🇦🇹 Adolf Hitler
97%
Francais 🇨🇵 Charles de Gaulle
94%
Américain 🇺🇲 Barack Obama
92%
Francais 🇨🇵 François Hollande
88%
Français 🇨🇵 Nicolas Sarkozy
88%
Américain 🇺🇲 Donald Trump
84%
Russe 🇷🇺 Vladimir Poutine
84%
Géorgien 🇬🇪 Joseph Staline
81%
Arabie Saoudite 🇸🇦 Oussama Ben Laden
45%
Aucun quiz correspondant
Distribution des résultats
% des personnes avec chaque résultat
Percentile par nombre de réponses
Votre historique - résultats
Vous n’avez pas pris ce quiz